| 000 | 00482nam a22001217a 4500 | ||
|---|---|---|---|
| 040 | _cSK | ||
| 082 | _a346 | ||
| 100 | _aចាន់ ណារ៉េត | ||
| 245 | _aMaster bachelor thesis and report guidelines; សេចក្តីណែនាំក្នុងការរៀបចំ និក្ខេបបទ សារណាបទនិងរបាយណ៏បញ្ចប់ការសិក្សា | ||
| 260 |
_aRUA _bចាន់ _c2005 |
||
| 300 | _a95p. | ||
| 942 | _cKB | ||
| 999 |
_c10197 _d10197 |
||